000 00386nam a2200109Ia 4500
008 160909s9999 xx 000 0 und d
100 _aWheeler, Jennifer J.
245 _aPrimary teachers' perceptions regarding metacognition and math fluency
260 _bAmerican International College
_c2016
650 _aEDUC/SPED
856 _uhttp://pqdtopen.proquest.com/doc/1779525531.html?FMT=ABS
999 _c305031
_d305031